Textbook of Dynamics (Record no. 39775)
[ view plain ]
| 000 -LEADER | |
|---|---|
| fixed length control field | 00267nam a22001097a 4500 |
| 008 - FIXED-LENGTH DATA ELEMENTS--GENERAL INFORMATION | |
| fixed length control field | 231010b |||||||| |||| 00| 0 eng d |
| 100 ## - MAIN ENTRY--PERSONAL NAME | |
| Personal name | Chorptan, Frank |
| 245 ## - TITLE STATEMENT | |
| Title | Textbook of Dynamics |
| 260 ## - PUBLICATION, DISTRIBUTION, ETC. | |
| Place of publication | London; |
| Name of publisher | E.L.B.Pub.; |
| Year of publication | 1969; |
| 300 ## - PHYSICAL DESCRIPTION | |
| Number of Pages | 263p |
| 942 ## - ADDED ENTRY ELEMENTS (KOHA) | |
| Koha item type | Books |
| Accession Number | Lost status | Damaged status | Price effective from | Koha item type | Not for loan | Withdrawn status | Home library | Current library | Shelving location | Date acquired | Source of acquisition | Cost, normal purchase price |
|---|---|---|---|---|---|---|---|---|---|---|---|---|
| 10300 | Lost and Cost Paid | 01/05/2023 | Books | RCL | RCL | General Stacks | 01/05/2023 | DDC | 13.50 |


